Famous Movies by Picture - Statistics

General Stats
  • This quiz has been taken 10,476 times
    660 since last reset
  • The average score is 14 of 16
Answer Stats
Picture Answer % Correct
The Lion King
99%
Wizard of Oz
99%
Star Wars
97%
Frozen
96%
Minions
95%
Iron Man
93%
Captain America: The First Avenger
91%
E.T.: The Extra-Terrestrial
91%
Monsters Inc.
90%
Transformers
89%
Inside Out
87%
King Kong
84%
The Hobbit: An Unexpected Journey
84%
Star Trek
83%
Spider-Man
75%
Saving Private Ryan
74%
No matching quizzes found
Score Distribution
Percent of People with Each Score
Percentile by Number Answered
Your Score History
You have not taken this quiz since the last reset